01167cam a2200349 i 450000100090000000300110000900500170002000800410003701000170007802000250009502000220012002000180014202000150016004000230017504200080019804300120020605000240021810000310024224500490027326400330032230000620035533600260041733700280044333800270047150400410049860000460053960000500058560000330063560000570066865100490072565100430077418222552DT1972.L3420250129110627.0140626s2014 enkab b 000 0aeng  a 2014431245 a9780241004012 (hbk.) a0241004012 (hbk.) a9780241014943 a0241014948 aDLCbengerdacDLC apcc af-sa---00aDT1972.L34bA3 20141 aLa Grange, Zelda,eauthor.10aGood morning, Mr Mandela /cZelda la Grange. 1aLondon :bAllen Lane,c2014. axv, 369 pages :billustrations (some color), map ;c24 cm atextbtxt2rdacontent aunmediatedbn2rdamedia avolumebnc2rdacarrier aIncludes bibliographical references.10aLa Grange, ZeldaxFriends and associates.10aLa Grange, ZeldaxPolitical and social views.10aMandela, Nelson,d1918-2013.10aMandela, Nelson,d1918-2013xFriends and associates. 0aSouth AfricaxPolitics and governmenty1994- 0aSouth AfricaxSocial conditionsy1994-